000
00342nam a22001097a 4500
100
_a
Group Development Pakistan
245
_a
Victim Support Services Directory
_c
Group Development Pakistan
260
_a
Islamabad
_b
Ministry of Human Rights
_c
2020
300
_a
220p
942
_2
ddc
_c
BK
999
_c
541243
_d
541243